V. I. Birjukov et al.: Racionaľnaja seť predvariteľnoj razvedki

Bibliographic Details
Main Authors: Böhmer, Miloslav, 1927-1999 (Author), Birjukov, V. I. et al (Author)
Format: Article
Language:Slovak
Subjects:

MARC

LEADER 00000nab a2200000 a 4500
001 vtls000051600
003 SK-MaSNL
005 20260304234814.0
008 250422c1979 xo 0 slo
015 |a SNBRB19rr/mm-uuuuu 
035 |a CL0061697 
035 |a (urnnbn)urn:nbn:sk:snk:ar-005icc 
035 |a (uuid)99ba0376-9b0f-4766-8eb3-16e513f2d96a 
035 |a urn:nbn:sk:snk-ab7z2j 
040 |a SNKBUCL  |b slo  |c SNKBUCL  |e AACR2 
041 0 |a slo 
044 |a xo  |c SK 
080 |a 553  |2 1981 
100 1 |a Böhmer, Miloslav,  |d 1927-1999  |4 aut  |9 41554 
245 1 0 |a V. I. Birjukov et al.: Racionaľnaja seť predvariteľnoj razvedki  |c Miloslav Böhmer ; V. I. Birjukov 
650 0 7 |a nerasty  |2 snkbucl  |9 844 
650 0 7 |a ložiská nerastných surovín  |2 snkbucl  |9 67131 
655 7 |a články z novín a časopisov  |2 snkbucl  |9 267496 
700 1 |a Birjukov, V. I. et al.  |4 aut  |9 1571739 
773 0 |t Mineralia slovaca  |g Roč. 11, č. 6 (1979), s. 505-506 
787 0 8 |i Rec.:  |a Birjukov, V. I. et al.  |t Racionaľnaja seť predvariteľnoj razvedki  |d Moskva : Metodičeskoje posobije, 1978 
850 |a Slovenská národná knižnica 
852 |a Slovenská národná knižnica 
954 |a odborná, vedecká literatúra pôvodná (slovenská)  |2 lita 
958 |a article9 
958 |a RU 
958 |a RK 
958 |a OND 
958 |a EUIPO 
992 |a RBX 
999 |c 3205656  |d 3207586